An Urbanizing world : (Record no. 8211)

MARC details
000 -LEADER
fixed length control field 00770cam a22002172 4500
001 - CONTROL NUMBER
control field 0000012180
005 - DATE AND TIME OF LATEST TRANSACTION
control field 20151217152108.0
008 - FIXED-LENGTH DATA ELEMENTS--GENERAL INFORMATION
fixed length control field 090213s xx 000 0 eng d
020 ## - INTERNATIONAL STANDARD BOOK NUMBER
International Standard Book Number 9211313090
040 ## - CATALOGING SOURCE
Original cataloging agency KABU
Transcribing agency KABU
050 #0 - LIBRARY OF CONGRESS CALL NUMBER
Classification number HT65
Item number .U73 1996b
245 13 - TITLE STATEMENT
Title An Urbanizing world :
Remainder of title global report on human settlements, 1996; executive summary /
Statement of responsibility, etc. United Nations Centre for Human Settlements (HABITAT)
260 ## - PUBLICATION, DISTRIBUTION, ETC. (IMPRINT)
Place of publication, distribution, etc. Nairobi :
Name of publisher, distributor, etc. Habitat,
Date of publication, distribution, etc. 1996.
300 ## - PHYSICAL DESCRIPTION
Extent iii, 48 p.
650 #0 - SUBJECT ADDED ENTRY--TOPICAL TERM
Topical term or geographic name as entry element Human settlements.
-- 0000153070
650 #0 - SUBJECT ADDED ENTRY--TOPICAL TERM
Topical term or geographic name as entry element Regional planning
Geographic subdivision Developing countries.
-- 0000153071
710 2# - ADDED ENTRY--CORPORATE NAME
Corporate name or jurisdiction name as entry element United Nations Centre for Human Settlements.
-- 0000151084
852 1# - LOCATION
-- p300 KES
908 ## - PUT COMMAND PARAMETER (RLIN)
Put command parameter 090213
950 ## - LOCAL HOLDINGS (RLIN)
-- 1
Holdings
Withdrawn status Lost status Source of classification or shelving scheme Not for loan Home library Current library Date acquired Total Checkouts Full call number Barcode Date last seen Price effective from Koha item type
    Library of Congress Classification   Kabarak, Main Campus Kabarak, Main Campus 17/12/2015   HT65 .U73 1996b c. 1 16594 17/12/2015 17/12/2015 General Collection
Designed with assistance from East African Informatics Ltd